Представление документа в формате RUSMARC

ПолеНазваниеЗначение
  Тип записи a
  Библиографический уровень m
001 Контрольный номер RU/IS/BASE/417543930
005 Дата корректировки 20240226163621.6
010 Индекс ISBN __
a ISBN 5-94145-405-8 (В пер.)
d Цена 156-00
100 Данные общей обработки __
a Данные общей обработки 19061107d2006 |||y0rusy0189 ca
101 Язык документа 1_
a Язык текста rus
c Язык оригинала fre
102 Страна публикации __
a Страна публикации ru
105 Кодированные данные (монография) __
a Кодированные данные (монография) y zzzz|||zy
200 Заглавие и сведения об ответственности 1_
a Заглавие Я верую - Я тоже нет
e Сведения, относящиеся к заглавию диалог между нечестивцем и епископом при посредничестве Рене Гиттона
f Первые сведения об ответственности Фредерик Бегбедер, Жан-Мишель Ди Фалько ; пер. с фр. Наталии Кисловой
b Общее обозначение материала Текст
210 Выходные данные 1_
a Место издания М.
c Издательство Иностранка
d Дата издания 2006; 2007
215 Физическое описание __
a Объем 350, [1] с.
225 Серия 2_
a Серия The best of Иностранка
300 Общие примечания __
a Общие примечания На обл. в подзаг.: Вечный спор верующего с неверующим, священника с писателем
330 Аннотация __
a Аннотация Увлеченный живой разговор, в котором обсуждаются самые важные, животрепещущие темы человеческого бытия на фоне мировых катаклизмов и столкновений разных цивилизаций. Писатель-атеист и священнослужитель искренне делятся своими переживаниями, попутно обсуждая все, чем дышит окружающий мир.
606 Тематические рубрики __
a Основная рубрика Религия. Мистика. Свободомыслие
606 Тематические рубрики __
a Основная рубрика Католицизм
606 Тематические рубрики __
a Основная рубрика Художественная литература
606 Тематические рубрики __
a Основная рубрика Литература Европы (произведения)
610 Ключевые слова 0_
a Ключевые слова размышления; католическая философия; католические традиции; католичество; современная литература; Французская литература; зарубежная литература; иностранная литература; тема Бога; тема человека; тема человечества; тема бытия
686 Индексы других классификаций __
a Классификационный индекс 86.375
686 Индексы других классификаций __
a Классификационный индекс 84(4Фра)-4
700 Автор _1
a Фамилия Бегбедер
b Имя Ф.
f Даты 1965
g Полное личное имя Фредерик
4 Код отношения 070
702 Вторичная интеллектуальная ответственность _1
a Фамилия Фалько
b Имя Ж.-М. ди
4 Код отношения Автор
g Полное личное имя Жан-Мишель
4 Код отношения 070
702 Вторичная интеллектуальная ответственность _1
a Фамилия Гиттон
b Имя Р.
4 Код отношения Автор предисловия и т.д.
g Полное личное имя Рене
4 Код отношения 080
702 Вторичная интеллектуальная ответственность _1
a Фамилия Кислова
b Имя Н.
4 Код отношения Переводчик
g Полное личное имя Наталия
4 Код отношения 730
801 Источник записи _0
a Страна ru
b Организация Муниципальное бюджетное учреждение культуры "Централизованная библиотечная система" г. Сургут (Центральная городская библиотека им. А. С. Пушкина)
c Дата составления 20061107
g Правила каталогизации КиК/Поспелова
801 Источник записи _1
a Страна ru
b Организация Муниципальное бюджетное учреждение культуры "Централизованная библиотечная система" г. Сургут (Центральная городская библиотека им. А. С. Пушкина)
c Дата составления 20061107
g Правила каталогизации КиК/Поспелова
852 Данные о местонахождении __
j Шифр хранения 86.375
c Каталожный индекс 86.375; 84(4Фра)-4
i Авторский знак Б 37
901 Тип документа __
t Тип документа m
903 Характеристики (МАРС) __
a Дата передачи 20080504
990 Данные о заказе (DOS) __
j Количество экземпляров (DOS) 8
t N записи в КСУ для И/У (DOS) 200805